Osmanlı'da siyâsi çözülme (Record no. 8207)

MARC details
000 -BAŞLIK
Sabit Uzunlukta Kontrol Alanı 00867na a2200301 4500
001 - KONTROL NUMARASI
Denetim Alanı 15312
003 - KONTROL NUMARASI IDENTIFIER
Denetim Alanı MIRAKIL
005 - SON İŞLEM TARİHİ VE ZAMANI
Denetim Alanı 20181213155203.0
008 - SABİT-BOY VERİ ELEMANLARI - GENEL BİLGİLER
Sabit Uzunlukta Kontrol Alanı 161024b tu 000 0
020 ## - ULUSLARARASI STANDART KİTAP NUMARASI
Uluslararası Standart Kitap Numarası 9757560138
035 ## - SİSTEM KONTROL NUMARASI
Sistem Kontrol Numarası 15312
040 ## - KATALOGLAMA KAYNAK
Orijinal Kataloglama Ajansı Milas
Kataloglama Dili tur
Metne Dönüştürmek Ajansı TR-AnCHP
041 ## - DİL KODU
Metin / Ses Parça Veya Ayrı Başlığın Dil Kodu tur
082 ## - DEWEY ONLU SINIFLANDIRMA NUMARASI
Sınıflandırma Numarası 956.1015
Ürün Numarası Ş35o 1990
090 ## - SINIFLAMA NUMARASI
Sınıflama Numarası 956.1015 Ş35o 1990
100 ## - ANA GİRİŞ - KİŞİSEL İSİM
Kişisel Ad Şener, Sami
245 ## - BAŞLIK TABLOSU
Başlık Osmanlı'da siyâsi çözülme
Sorumluluk Tablosu, Vb Sâmi Şener
246 ## - UNVAN FORM VARYING
Başlık Doğru / Kısa Başlığı Osmanlı'da siyasi çözülme
250 ## - EDITION TABLOSU
Baskı Beyanı 2. bs.
260 ## - YAYIN, DAĞITIM, VB
Yayın, Dağıtım, Vb Yeri İstanbul
Yayıncı, Dağıtıcı, Vs Adı İnkılab yayınları
Yayın, Dağıtım, Vb Tarihi 1990
300 ## - FİZİKSEL TANIM
Kapsam 168 s.
Diğer Fiziksel Ayrıntıları res.
Boyutlar 24 sm.
490 ## - SERİSİ TABLOSU
Seri Beyanı İnkılab yayınları
Hacim / Ardışık Tanımı 15
490 ## - SERİSİ TABLOSU
Seri Beyanı Araştırma dizisi
Hacim / Ardışık Tanımı 10
504 ## - KAYNAKÇA VB NOT
Kaynakça Vb Notu Kaynakça var.
651 ## - KONU KATMA GİRİŞ - COĞRAFİ ADI
Coğrafi İsim Türkiye
Genel Alt Bölümü Tarih
Coğrafi Alt Bölümü Osmanlı İmparatorluğu
651 ## - KONU KATMA GİRİŞ - COĞRAFİ ADI
Coğrafi İsim Osmanlı İmparatorluğu
Genel Alt Bölümü Siyaset ve yönetim
Coğrafi Alt Bölümü Tarih
942 ## - EKLENDİ GİRİŞ ELEMANLARI (KOHA)
Sınıflandırma Veya Raf Düzeni Kaynak
Koha Öğesi Türü Books
999 ## - SİSTEM KONTROL NUMARALARI (KOHA)
Koha Biblionumber 8207
Koha Biblioitemnumber 8207
Holdings
Kalıcı Konum Mevcut Konum Edinme Tarihi Edinim Kaynak Toplam Check-Out'Lar Tam Çağrı Numarası Barkod Tarih Son Görülme İtibaren Geçerli Fiyatlar Koha Öğesi Türü
CHP Kütüphanesi CHP Kütüphanesi 09/07/2016 Bağış   956.1015 Ş35o 1990 003357 09/07/2016 09/07/2016 Books